| 000 | 00929nam a22002177a 4500 | ||
|---|---|---|---|
| 003 | OSt | ||
| 005 | 20170608093049.0 | ||
| 008 | 150408b2007 slv spa | ||
| 040 | _cBMC | ||
| 082 | _a721 | ||
| 100 | 1 |
_936094 _aMorán Cortez, Ana Elsy |
|
| 245 | 1 | 0 |
_aIdentificación, inventario y propuesta de conservación del Barrio Santa Lucía de la ciudad de Santa Ana _b: Proyecto _cAna Elsy Morán Cortez |
| 260 |
_aSanta Ana (El Salvador) _bUniversidad Católica de Occidente _c2007 |
||
| 300 |
_a1 v. (pág. var.) _bplanos _c28 cm _e+ 1 disco compacto |
||
| 500 | _aPrecede al tít.: Universidad Católica de Occidente, Facultad de Ingeniería y Arquitectura | ||
| 502 | _aPara optar al título de Arquitecta | ||
| 650 | 2 | 4 |
_98971 _aDiseño arquitectónico |
| 650 | 2 | 4 |
_94860 _aProyectos de arquitectura |
| 710 | 2 |
_91166 _aUniversidad Católica de El Salvador _bFacultad de Ingeniería y Arquitectura |
|
| 942 |
_2ddc _cTG |
||
| 999 |
_c22328 _d22328 |
||